| 000 | 00552cam a22002291 4500 | ||
|---|---|---|---|
| 001 | sa 67001379 | ||
| 003 | DLC | ||
| 005 | 20260227112322.0 | ||
| 008 | 890803s1966 ii 000 0 hino | ||
| 010 | _asa 67001379 | ||
| 035 | _a(OCoLC)20118858 | ||
| 040 |
_aDLC _cWaU _dDLC |
||
| 042 | _apremarc | ||
| 050 | 0 | 0 |
_aPK2098.B22 _bS9 |
| 100 | 1 |
_aBaccana, _d1907-2003. |
|
| 245 | 1 | 0 | _aSūta kī mālā. |
| 260 | _c[1966] | ||
| 300 |
_a163 p. _c19 cm. |
||
| 500 | _aIn Hindi. | ||
| 500 | _aPoems. | ||
| 600 | 1 | 0 |
_aGandhi, _cMahatma, _d1869-1948 _vPoetry. |
| 999 |
_c72583 _d72583 |
||